| 000 | nam a22 7a 4500 | ||
|---|---|---|---|
| 999 |
_c233574 _d233574 |
||
| 003 | Nust | ||
| 005 | 20170309103245.0 | ||
| 008 | 170309b xxu||||| |||| 00| 0 eng d | ||
| 040 | _cDLC | ||
| 082 | _a625.725 GLU | ||
| 100 | _aGluck Jerome S. | ||
| 245 | _aNCHRP Synthesis 404: State of the Practice in Highway Access Management (Report) | ||
| 942 |
_2ddc _cBK |
||